Spoločenská zodpovednosť firmy Siemens s.r.o. diplomová práca

Saved in:
Bibliographic Details
Main Author: Krajčovičová, Dana
Corporate Author: Obchodná fakulta EU. Katedra marketingu
Other Authors: Richterová, Kornélia
Format: Book
Language:Slovak
Published: Bratislava 2010
Tags: Add Tag
No Tags, Be the first to tag this record!

MARC

LEADER 00000nam$a2200000$$$4500
001 0121725
005 20240318123439.1
041 0 |a slo 
044 |a SK 
245 1 0 |a Spoločenská zodpovednosť firmy Siemens s.r.o.  |b diplomová práca  |c Dana Krajčovičová ; škol. Kornélia Richterová 
264 1 |a Bratislava  |c 2010 
300 |a 100 s. 
100 1 |a Krajčovičová, Dana 
700 1 |a Richterová, Kornélia 
710 2 |a Obchodná fakulta EU. Katedra marketingu